000 00946nam a2200289 a 4500
001 BRCA_49
005 20190320202848.0
008 980205s1998 caua---##b---#001-0#eng-#
020 _a8434466279
040 _aDLC
_cDLC
_dDLC
050 4 _aAM121
_b.A75 2001
100 1 _aKotler, Neil G.
_d1941-
_9228
245 1 0 _aEstrategias y marketing de museos
_cNeil Kotler and Philip Kotler ; traducción Jordi Jiménez Payrató.
260 _aEspaña
_bAriel
_c2001
300 _a448 p.
_bil.
_c24 cm.
440 0 _aAriel patrimonio histórico
_9229
500 _aTraducción de: Museum Strategy and Marketing
500 _aIncluye índice de materias
504 _aBibliografía: p. 421-428
650 1 4 _aMuseos
_xAdministración
_9230
650 1 4 _aMuseos
_xMercadotecnia
_9231
650 1 4 _aMuseos
_xAsistencia
_9232
650 1 4 _aMuseos
_xFinanzas
_9233
700 1 _aKotler, Philip
_9234
700 1 _aJiménez Payrató, Jordi
_9235
942 _2lcc
_cB
999 _c49
_d49